00886nam a2200217Ia 4500003000500000008004100005020001800046040001900064082000700083100002500090245001900115246006100134260004300195300000800238546001200246942001200258999001700270952012800287952012600415952012700541STCL181203s9999 xx 000 0 und d a9780070605022 aSTCLbENcSTCL 222 aLipschutz, Seymour  0aLinear algebra aSchaums Outline of Theory and Problems of Linear algebra bMcGraw Hill EducationaNew Delhic2016 a424 aEnglish 2ddccBK c87254d87254 00102ddc4070aSTCALbSTCALcGENd2018-12-03l21m14o512.5 LIP-Lp95885r2025-11-04 10:54:24s2025-10-15w2018-12-03yBK 00102DDC4070aSTCALbSTCALcGENd2022-10-19l7m4o515.9 LIP-Tp96021r2025-08-16 10:54:08s2025-07-31w2022-10-19yBK 00102DDC4070aSTCALbSTCALcGENd2023-07-26l16m9o512.5 LIP-Sp98106r2025-12-06 13:31:55s2025-11-24w2023-07-26yBK